000 00827nam a2200193 i 4500
001 157610
003 ES-MaACL
005 20240530062942.0
008 940301m18831889sp |||| | spa d
040 _aAS
_bspa
100 1 _aLetamendi, José de,
_d1828-1897
_971873
245 1 0 _aCurso de patologia general basada en el principio individualista o unitario /
_cobra compuesta e ilustrada por José de Letamendi para régimen de sus discípulos.
260 _aMadrid :
_b[S.n.],
_c1883-1889 (
_fEstabl. Tip. de E. Cuesta, a cargo de J.Giraldez)
300 _a2 t. en 3 v.(419 ; 420-980 ; 266 p.) :
_bil. ;
_c23 cm.
505 8 _aContiene: 1. Nosologia -- 2.Nosografia -- 3. Nosognomia
650 4 _aPatología.
_915884
852 _aES-MaACL
_jF-12953-55
_z-- Enc. pasta española
999 _c157610
_d157610